[Event "Gatineau Service des Loisirs"]
[Site "Gatineau CAN"]
[Date "2012.10.23"]
[Round "2"]
[White "Lavergne, Daniel"]
[Black "Berthiaume, Serge"]
[Result "1/2-1/2"]
[WhiteElo "1751"]
[BlackElo "1399"]
[PlyCount "86"]
[GameId "2160767909411776"]
[EventDate "2012.10.16"]
[EventType "swiss"]
[EventRounds "4"]
[EventCountry "CAN"]
[SourceTitle "EXT 2022"]
[Source "ChessBase"]
[SourceDate "2021.10.06"]
[SourceVersion "1"]
[SourceVersionDate "2021.10.06"]
[SourceQuality "1"]

1. e4 g6 2. d4 Bg7 3. f4 c5 4. Nf3 cxd4 5. Nxd4 Nc6 6. Nxc6 bxc6 7. Bc4 e6 8. Qe2 Qb6 9. c3 Ne7 10. Be3 Qc7 11. Nd2 O-O 12. e5 Nf5 13. Bf2 Bb7 14. g4 Ne7 15. Bc5 Rfe8 16. O-O-O a5 17. Ne4 Nc8 18. h4 Nb6 19. Bxb6 Qxb6 20. Rxd7 c5 21. Rhd1 Bxe4 22. Qxe4 Ra7 23. Rxa7 Qxa7 24. Bb5 Re7 25. a4 Qb8 26. Rd6 Bf8 27. Qd3 Rc7 28. Rd8 Rc8 29. Rd7 Rc7 30. h5 Rxd7 31. Qxd7 g5 32. fxg5 Qxe5 33. g6 Qg5+ 34. Kc2 hxg6 35. Qd1 gxh5 36. gxh5 e5 37. Be2 e4 38. Qd2 e3 39. Qd3 Bh6 40. Qb5 Qg2 41. Qe8+ Kg7 42. Qe5+ Kg8 43. Qe8+ Kg7 1/2-1/2

[Event "Gatineau Service des Loisirs"]
[Site "Gatineau CAN"]
[Date "2012.10.23"]
[Round "2"]
[White "Lemieux, Denis"]
[Black "Traversy, Pierre"]
[Result "1-0"]
[WhiteElo "1461"]
[BlackElo "1134"]
[PlyCount "143"]
[GameId "2160767909411777"]
[EventDate "2012.10.16"]
[EventType "swiss"]
[EventRounds "4"]
[EventCountry "CAN"]
[SourceTitle "EXT 2022"]
[Source "ChessBase"]
[SourceDate "2021.10.06"]
[SourceVersion "1"]
[SourceVersionDate "2021.10.06"]
[SourceQuality "1"]

1. d4 Nf6 2. c4 e6 3. Nc3 c6 4. e4 d5 5. e5 Ng8 6. cxd5 cxd5 7. Bd3 Bd7 8. Nge2 g6 9. O-O Bg7 10. f4 Ne7 11. Ng3 a6 12. b3 b5 13. Be3 Nbc6 14. a3 Rb8 15. Be2 h5 16. Nh1 Nf5 17. Qd2 Na5 18. Rfb1 h4 19. Nf2 Nc6 20. Nh3 Nce7 21. Bf2 Bh6 22. Kf1 Nc6 23. Na2 Qb6 24. Rd1 Qd8 25. Nb4 Nxb4 26. Qxb4 Qe7 27. Qd2 Rc8 28. Bd3 Qd8 29. Bxf5 exf5 30. Be3 Rc6 31. Rdc1 Ke7 32. Rc5 Rxc5 33. dxc5 Bc6 34. b4 Ke6 35. Ng1 Qe7 36. Nf3 Kd7 37. h3 Rd8 38. Bd4 Ke6 39. Bf2 Qb7 40. Nd4+ Kd7 41. Bxh4 Re8 42. Rd1 Bf8 43. Nxc6 Qxc6 44. Qxd5+ Qxd5 45. Rxd5+ Kc7 46. Kf2 Kc6 47. Rd3 Kc7 48. Kf3 Ra8 49. g4 a5 50. gxf5 gxf5 51. Bg5 Bg7 52. h4 axb4 53. axb4 Ra4 54. Bd8+ Kc8 55. Ba5 Ra2 56. Rd8+ Kb7 57. Rd7+ Kc6 58. Rxf7 Bh8 59. Rxf5 Ra3+ 60. Kg4 Kd5 61. Rf8 Bg7 62. Rf7 Bh8 63. Rh7 Bxe5 64. fxe5 Kxe5 65. Rb7 Rd3 66. Bc7+ Kf6 67. Rxb5 Rd4+ 68. Bf4 Ke6 69. c6 Rc4 70. h5 Rxc6 71. Rc5 Ra6 72. h6 1-0

[Event "Gatineau Service des Loisirs"]
[Site "Gatineau CAN"]
[Date "2012.10.23"]
[Round "2"]
[White "Raymond, Daniel"]
[Black "Pilon, Robert"]
[Result "1-0"]
[WhiteElo "1551"]
[BlackElo "1553"]
[PlyCount "43"]
[GameId "2160767909411778"]
[EventDate "2012.10.16"]
[EventType "swiss"]
[EventRounds "4"]
[EventCountry "CAN"]
[SourceTitle "EXT 2022"]
[Source "ChessBase"]
[SourceDate "2021.10.06"]
[SourceVersion "1"]
[SourceVersionDate "2021.10.06"]
[SourceQuality "1"]

1. e4 e6 2. d4 d5 3. Nd2 dxe4 4. Nxe4 Bd7 5. Nf3 Bc6 6. Bd3 Nd7 7. O-O Ngf6 8. Re1 Be7 9. Ne5 Nxe5 10. Nxf6+ Bxf6 11. dxe5 Be7 12. Qg4 g6 13. Bh6 Bf8 14. Qf4 Qe7 15. Bg5 Qb4 16. Qf6 Rg8 17. a3 Qe7 18. Qf4 Qd7 19. Rad1 Qd5 20. Be4 Qc4 21. Bxc6+ Qxc6 22. Qf6 1-0

[Event "Gatineau Service des Loisirs"]
[Site "Gatineau CAN"]
[Date "2012.10.23"]
[Round "2"]
[White "Villeneuve, Luc"]
[Black "Desjardins, Michel"]
[Result "1/2-1/2"]
[WhiteElo "1648"]
[BlackElo "1911"]
[PlyCount "78"]
[GameId "2160767909411779"]
[EventDate "2012.10.16"]
[EventType "swiss"]
[EventRounds "4"]
[EventCountry "CAN"]
[SourceTitle "EXT 2022"]
[Source "ChessBase"]
[SourceDate "2021.10.06"]
[SourceVersion "1"]
[SourceVersionDate "2021.10.06"]
[SourceQuality "1"]

1. d4 d5 2. Nf3 Bf5 3. Nbd2 Nf6 4. g3 e6 5. Bg2 h6 6. O-O Nbd7 7. b3 Bd6 8. Bb2 O-O 9. c4 c6 10. Re1 Re8 11. c5 Bc7 12. b4 e5 13. dxe5 Nxe5 14. Nxe5 Bxe5 15. Bxe5 Rxe5 16. Nf3 Re8 17. Nd4 Bg6 18. e3 a6 19. Qb3 Ne4 20. Qb2 Qf6 21. a4 h5 22. h4 Qe5 23. Ra2 Qc7 24. Rc1 Qe7 25. Nb3 Qc7 26. Qd4 Re6 27. Nd2 Qe5 28. Qxe5 Rxe5 29. Nf3 Ree8 30. Nd4 Nf6 31. Rb2 Nd7 32. Bf1 Ne5 33. Rc3 Be4 34. Be2 Bg6 35. Bf1 Kf8 36. Be2 Kg8 37. Bf1 Kh8 38. Be2 Kg8 39. Bf1 Kf8 1/2-1/2

[Event "Gatineau Service des Loisirs"]
[Site "Gatineau CAN"]
[Date "2012.10.30"]
[Round "3"]
[White "Arsenault, Michel"]
[Black "Lavergne, Daniel"]
[Result "1-0"]
[WhiteElo "1879"]
[BlackElo "1751"]
[PlyCount "75"]
[GameId "2160767909411780"]
[EventDate "2012.10.16"]
[EventType "swiss"]
[EventRounds "4"]
[EventCountry "CAN"]
[SourceTitle "EXT 2022"]
[Source "ChessBase"]
[SourceDate "2021.10.06"]
[SourceVersion "1"]
[SourceVersionDate "2021.10.06"]
[SourceQuality "1"]

1. c4 e5 2. g3 Nf6 3. Bg2 c6 4. d4 exd4 5. Qxd4 d5 6. cxd5 cxd5 7. Nf3 Nc6 8. Qa4 Bc5 9. O-O O-O 10. Bg5 h6 11. Bxf6 Qxf6 12. Nc3 Rd8 13. Ne1 Be6 14. Rc1 Bb6 15. Nd3 Rd7 16. Nf4 g5 17. Nfxd5 Qd8 18. Rfd1 Bd4 19. Rxd4 Nxd4 20. Qxd4 Bxd5 21. Nxd5 Rxd5 22. Qxd5 Qxd5 23. Bxd5 Re8 24. e4 Re7 25. Rc8+ Kg7 26. Rb8 b6 27. Rb7 Kf6 28. f4 Rxb7 29. Bxb7 a5 30. Kf2 b5 31. Ke3 b4 32. Kd4 h5 33. Kd5 h4 34. gxh4 gxf4 35. e5+ Kg6 36. Ke4 Kh5 37. Kxf4 Kxh4 38. Kf5 1-0

[Event "Gatineau Service des Loisirs"]
[Site "Gatineau CAN"]
[Date "2012.10.30"]
[Round "3"]
[White "Carabineanu, Marcel"]
[Black "Morones, Oliver"]
[Result "0-1"]
[WhiteElo "1434"]
[BlackElo "1266"]
[PlyCount "56"]
[GameId "2160767909411781"]
[EventDate "2012.10.16"]
[EventType "swiss"]
[EventRounds "4"]
[EventCountry "CAN"]
[SourceTitle "EXT 2022"]
[Source "ChessBase"]
[SourceDate "2021.10.06"]
[SourceVersion "1"]
[SourceVersionDate "2021.10.06"]
[SourceQuality "1"]

1. e4 d6 2. Nc3 e6 3. Nf3 Bd7 4. Bc4 Nc6 5. d4 h6 6. O-O Nf6 7. Re1 Ng4 8. d5 Nce5 9. Nxe5 Nxe5 10. Qe2 Nxc4 11. Qxc4 e5 12. Nb5 c6 13. dxc6 bxc6 14. Nc3 Qf6 15. Be3 Be7 16. Ne2 h5 17. Kh1 h4 18. Ng1 g5 19. Qe2 g4 20. Qd2 Qg6 21. Qd3 Be6 22. Ne2 c5 23. Qb5+ Bd7 24. Qb7 Rd8 25. Nc3 Bg5 26. Re2 h3 27. g3 Qf6 28. Bxg5 Qf3+ 0-1

[Event "Gatineau Service des Loisirs"]
[Site "Gatineau CAN"]
[Date "2012.10.30"]
[Round "3"]
[White "Danilov, Alex"]
[Black "Jobin, Gilles G"]
[Result "0-1"]
[WhiteElo "1693"]
[BlackElo "1838"]
[PlyCount "84"]
[GameId "2160767909411782"]
[EventDate "2012.10.16"]
[EventType "swiss"]
[EventRounds "4"]
[EventCountry "CAN"]
[SourceTitle "EXT 2022"]
[Source "ChessBase"]
[SourceDate "2021.10.06"]
[SourceVersion "1"]
[SourceVersionDate "2021.10.06"]
[SourceQuality "1"]

1. c4 g6 2. Nf3 Bg7 3. Nc3 c5 4. g3 Nc6 5. Bg2 d6 6. O-O Nf6 7. d3 Bd7 8. e3 O-O 9. h3 Rc8 10. a3 a6 11. Qc2 Qc7 12. b3 Ne5 13. Kh2 Bc6 14. e4 Nxf3+ 15. Bxf3 e5 16. Bg2 Ne8 17. Be3 Qe7 18. Qd2 Nc7 19. Rae1 Ne6 20. f4 exf4 21. gxf4 Nd4 22. Bxd4 Bxd4 23. Ne2 Bg7 24. Ng3 h5 25. Ne2 Qf6 26. Rb1 Qh4 27. Ng1 Bh6 28. Ne2 f5 29. Qe1 Qf6 30. Qg3 Rfe8 31. Rg1 h4 32. Qe3 Re7 33. Bf3 Kh7 34. Rg2 Rce8 35. Qd2 fxe4 36. dxe4 Bxe4 37. Bxe4 Rxe4 38. Rd1 Rxe2 39. Qxe2 Rxe2 40. Rxe2 Qxf4+ 41. Kg1 Qg3+ 42. Rg2 Be3+ 0-1

[Event "Gatineau Service des Loisirs"]
[Site "Gatineau CAN"]
[Date "2012.10.30"]
[Round "3"]
[White "Guimond, Michel"]
[Black "Laurin, Jacques"]
[Result "1-0"]
[WhiteElo "1977"]
[BlackElo "1868"]
[PlyCount "65"]
[GameId "2160767909411783"]
[EventDate "2012.10.16"]
[EventType "swiss"]
[EventRounds "4"]
[EventCountry "CAN"]
[SourceTitle "EXT 2022"]
[Source "ChessBase"]
[SourceDate "2021.10.06"]
[SourceVersion "1"]
[SourceVersionDate "2021.10.06"]
[SourceQuality "1"]

1. e4 d6 2. d4 Nf6 3. Nc3 g6 4. f3 Bg7 5. Be3 a6 6. Qd2 Nc6 7. O-O-O Nd7 8. Bh6 Bxd4 9. Nge2 Bf6 10. Nd5 e6 11. Nxf6+ Qxf6 12. f4 e5 13. Nc3 Ne7 14. g3 Nb6 15. Bg2 exf4 16. gxf4 Bg4 17. e5 Qe6 18. Bxb7 Nc4 19. Qf2 Rd8 20. Rde1 d5 21. Qc5 Bf3 22. Rhf1 Bg2 23. Rf2 d4 24. Bxg2 dxc3 25. bxc3 Rb8 26. Bg7 Rg8 27. Bf6 Rb5 28. Qxc7 Na3 29. Bxe7 Rb1+ 30. Kd2 Nc4+ 31. Ke2 Qg4+ 32. Bf3 Rxe1+ 33. Kxe1 1-0

[Event "Gatineau Service des Loisirs"]
[Site "Gatineau CAN"]
[Date "2012.10.30"]
[Round "3"]
[White "Jiang, Qizhe"]
[Black "Lemieux, Denis"]
[Result "1-0"]
[WhiteElo "1394"]
[BlackElo "1461"]
[PlyCount "93"]
[GameId "2160767909411784"]
[EventDate "2012.10.16"]
[EventType "swiss"]
[EventRounds "4"]
[EventCountry "CAN"]
[SourceTitle "EXT 2022"]
[Source "ChessBase"]
[SourceDate "2021.10.06"]
[SourceVersion "1"]
[SourceVersionDate "2021.10.06"]
[SourceQuality "1"]

1. e4 c6 2. d4 d5 3. Bd3 dxe4 4. Bxe4 Nf6 5. Nc3 Nxe4 6. Nxe4 Bf5 7. Qf3 e6 8. Ne2 Be7 9. N2g3 Bg6 10. Qd1 Nd7 11. Be3 Nf6 12. f3 h6 13. O-O O-O 14. Qd2 Ng4 15. fxg4 Bxe4 16. Nxe4 f5 17. gxf5 exf5 18. Ng3 Qd5 19. Qd3 Rad8 20. Nxf5 Bf6 21. Qb3 b6 22. Qxd5+ Rxd5 23. c4 Rd7 24. Rad1 Kh7 25. b3 Re8 26. Rd3 Re4 27. Rf4 Rxf4 28. Bxf4 g5 29. Be3 Kg6 30. Ng3 c5 31. d5 Be5 32. Bf2 h5 33. Re3 Bxg3 34. Bxg3 Kf5 35. Re5+ Kg4 36. Kf2 h4 37. h3+ Kh5 38. Bh2 Kg6 39. d6 Kf6 40. Re7 Rxe7 41. dxe7 Kxe7 42. Bb8 a6 43. Ba7 b5 44. Bxc5+ Ke6 45. cxb5 axb5 46. a4 bxa4 47. bxa4 1-0

[Event "Gatineau Service des Loisirs"]
[Site "Gatineau CAN"]
[Date "2012.10.30"]
[Round "3"]
[White "Kouassi, Karen"]
[Black "Pilon, Robert"]
[Result "0-1"]
[WhiteElo "1146"]
[BlackElo "1553"]
[PlyCount "114"]
[GameId "2160767909411785"]
[EventDate "2012.10.16"]
[EventType "swiss"]
[EventRounds "4"]
[EventCountry "CAN"]
[SourceTitle "EXT 2022"]
[Source "ChessBase"]
[SourceDate "2021.10.06"]
[SourceVersion "1"]
[SourceVersionDate "2021.10.06"]
[SourceQuality "1"]

1. e4 e6 2. Nf3 d5 3. e5 c5 4. d3 Nc6 5. c3 Qb6 6. g3 Nge7 7. Bh3 Ng6 8. Be3 Ngxe5 9. Nxe5 Nxe5 10. b3 Bd7 11. d4 cxd4 12. Bxd4 Qc7 13. O-O Nc6 14. Re1 Nxd4 15. cxd4 Rc8 16. Nd2 Bd6 17. Qf3 O-O 18. a3 Qb6 19. Qe3 Rc7 20. Bg2 Rfc8 21. b4 Rc3 22. Qg5 Qxd4 23. h4 Rxg3 24. Nf3 Rxg5 25. Nxd4 Rg4 26. h5 Rxd4 27. Re3 Rdc4 28. Bf1 Rc3 29. Bd3 Rc1+ 30. Rxc1 Rxc1+ 31. Kg2 Rc3 32. Bxh7+ Kxh7 33. Rxc3 a6 34. Kh3 e5+ 35. Kh4 d4 36. Rc1 d3 37. f3 Bc6 38. Rd1 e4 39. fxe4 Bxe4 40. Rd2 Bf4 41. Rf2 d2 42. Rxf4 d1=Q 43. Rxe4 Qh1+ 44. Kg5 Qxe4 45. h6 Qe3+ 46. Kh5 Qxa3 47. b5 Qa5 48. hxg7 Kxg7 49. Kg4 Qxb5 50. Kf4 a5 51. Ke3 a4 52. Kd2 a3 53. Kc2 a2 54. Kd1 a1=Q+ 55. Kc2 Qa3 56. Kd2 Qbb2+ 57. Ke1 Qaa1# 0-1

[Event "Gatineau Service des Loisirs"]
[Site "Gatineau CAN"]
[Date "2012.10.30"]
[Round "3"]
[White "Lecorre, Joel"]
[Black "Berthiaume, Serge"]
[Result "1-0"]
[WhiteElo "1593"]
[BlackElo "1399"]
[PlyCount "117"]
[GameId "2160767909411786"]
[EventDate "2012.10.16"]
[EventType "swiss"]
[EventRounds "4"]
[EventCountry "CAN"]
[SourceTitle "EXT 2022"]
[Source "ChessBase"]
[SourceDate "2021.10.06"]
[SourceVersion "1"]
[SourceVersionDate "2021.10.06"]
[SourceQuality "1"]

1. e4 g6 2. d4 Bg7 3. Nf3 c5 4. d5 d6 5. Nc3 a6 6. a4 Nf6 7. Bd3 O-O 8. h3 Nfd7 9. Bf4 Nf6 10. O-O Nbd7 11. Qd2 Qa5 12. Nd1 Qxd2 13. Bxd2 Nh5 14. g4 Nhf6 15. c4 a5 16. Nc3 Nb6 17. Rfe1 Nfd7 18. Ra2 Ne5 19. Nxe5 Bxe5 20. Kg2 Bd7 21. Nb5 Bxb5 22. axb5 a4 23. f4 Bg7 24. e5 dxe5 25. fxe5 Rfd8 26. Bc3 Kf8 27. g5 e6 28. d6 Kg8 29. Kf3 Kf8 30. Ke4 Nc8 31. Be2 Nxd6+ 32. exd6 Bxc3 33. bxc3 Rxd6 34. Rd1 Rxd1 35. Bxd1 a3 36. Bb3 Ke7 37. Ke5 b6 38. Rd2 Ra7 39. Ba2 Rb7 40. h4 Rb8 41. Rd6 Rb7 42. Rc6 Kd8 43. Kf6 e5 44. Rd6+ Ke8 45. Bb1 a2 46. Bxa2 e4 47. Bb1 e3 48. Bd3 Re7 49. Be2 Re4 50. Rxb6 Rf4+ 51. Ke5 Rf2 52. Bg4 e2 53. Kd6 Kf8 54. Bxe2 Rxe2 55. Kxc5 Re4 56. Rd6 Rxh4 57. b6 Rh5 58. b7 Rxg5+ 59. Kc6 1-0

[Event "Gatineau Service des Loisirs"]
[Site "Gatineau CAN"]
[Date "2012.10.30"]
[Round "3"]
[White "Legare, Gilles"]
[Black "Traversy, Pierre"]
[Result "0-1"]
[WhiteElo "1124"]
[BlackElo "1134"]
[PlyCount "102"]
[GameId "2160767909411787"]
[EventDate "2012.10.16"]
[EventType "swiss"]
[EventRounds "4"]
[EventCountry "CAN"]
[SourceTitle "EXT 2022"]
[Source "ChessBase"]
[SourceDate "2021.10.06"]
[SourceVersion "1"]
[SourceVersionDate "2021.10.06"]
[SourceQuality "1"]

1. e4 c5 2. Nf3 Nc6 3. Nc3 e5 4. b3 Nf6 5. d3 d6 6. Be2 Be7 7. Bg5 Be6 8. O-O a6 9. Nh4 h6 10. Bxf6 Bxf6 11. Nf5 Ne7 12. Bg4 Qd7 13. Re1 b5 14. Qf3 Qc7 15. Nxe7 Qxe7 16. Bxe6 fxe6 17. Qh5+ Qf7 18. Qxf7+ Kxf7 19. Ne2 h5 20. c4 b4 21. Rf1 Ke7 22. f4 exf4 23. Nxf4 Rh6 24. a3 Bxa1 25. Rxa1 Rf8 26. g3 h4 27. axb4 g5 28. Nh3 Rg6 29. Rxa6 cxb4 30. Ra7+ Kf6 31. Ra1 Ke5 32. Ra5+ Kd4 33. g4 e5 34. Nf2 Kc3 35. Nd1+ Kd2 36. Nf2 Kc3 37. Nd1+ Kxb3 38. Ne3 h3 39. Nf5 Kc3 40. Ne7 Rh6 41. Nf5 Rg6 42. c5 dxc5 43. Rxc5+ Kxd3 44. Rxe5 Ra8 45. Ng3 b3 46. Rd5+ Ke3 47. Rd1 b2 48. Re1+ Kd2 49. Rb1 Rf6 50. Rxb2+ Kd3 51. Rb5 Ra1+ 0-1

[Event "Gatineau Service des Loisirs"]
[Site "Gatineau CAN"]
[Date "2012.10.30"]
[Round "3"]
[White "Morel, Joseph"]
[Black "Raymond, Daniel"]
[Result "1-0"]
[WhiteElo "1623"]
[BlackElo "1551"]
[PlyCount "87"]
[GameId "2160767909411788"]
[EventDate "2012.10.16"]
[EventType "swiss"]
[EventRounds "4"]
[EventCountry "CAN"]
[SourceTitle "EXT 2022"]
[Source "ChessBase"]
[SourceDate "2021.10.06"]
[SourceVersion "1"]
[SourceVersionDate "2021.10.06"]
[SourceQuality "1"]

1. e4 c6 2. d4 d5 3. e5 Bf5 4. Nf3 e6 5. Be2 h6 6. Bd3 Bxd3 7. Qxd3 Qa5+ 8. Nc3 Qa6 9. Qxa6 Nxa6 10. Be3 Bb4 11. Kd2 Ne7 12. a3 Bxc3+ 13. Kxc3 Nc7 14. g4 a5 15. Nh4 Kd7 16. f4 Nb5+ 17. Kd3 a4 18. Raf1 g6 19. f5 exf5 20. gxf5 g5 21. Ng2 b6 22. h4 g4 23. h5 Rag8 24. Nh4 g3 25. Rfg1 Rg4 26. f6 Nc8 27. Nf5 Nc7 28. Nxh6 Rxh6 29. Bxh6 Ne6 30. Be3 c5 31. c3 c4+ 32. Kd2 Nf8 33. h6 Nh7 34. Rh3 g2 35. Rh2 Ke6 36. Rgxg2 Kf5 37. Rxg4 Kxg4 38. Rg2+ Kf5 39. Rg7 Nf8 40. Rxf7 Ng6 41. Rc7 Nd6 42. exd6 Kxf6 43. d7 Ke7 44. Bg5+ 1-0

[Event "Gatineau Service des Loisirs"]
[Site "Gatineau CAN"]
[Date "2012.10.30"]
[Round "3"]
[White "Rose, Richard1"]
[Black "Gagnon, Fabien"]
[Result "1-0"]
[WhiteElo "1839"]
[BlackElo "1956"]
[PlyCount "49"]
[GameId "2160767909411789"]
[EventDate "2012.10.16"]
[EventType "swiss"]
[EventRounds "4"]
[EventCountry "CAN"]
[SourceTitle "EXT 2022"]
[Source "ChessBase"]
[SourceDate "2021.10.06"]
[SourceVersion "1"]
[SourceVersionDate "2021.10.06"]
[SourceQuality "1"]

1. e4 c5 2. Nf3 d6 3. d4 cxd4 4. Nxd4 Nf6 5. Bd3 Nc6 6. c3 g6 7. O-O Bg7 8. h3 O-O 9. Be3 Bd7 10. Nd2 d5 11. Nxc6 Bxc6 12. e5 Ne4 13. Bd4 Qc7 14. f4 b5 15. Bxe4 dxe4 16. Qe2 f6 17. Nxe4 fxe5 18. fxe5 Bxe5 19. Ng5 Bxd4+ 20. cxd4 Qd6 21. Qe6+ Qxe6 22. Nxe6 Rxf1+ 23. Rxf1 Rc8 24. Rc1 Kf7 25. Rxc6 1-0

[Event "Gatineau Service des Loisirs"]
[Site "Gatineau CAN"]
[Date "2012.10.30"]
[Round "3"]
[White "Scantland, Patrick"]
[Black "Desjardins, Michel"]
[Result "1-0"]
[WhiteElo "1774"]
[BlackElo "1911"]
[PlyCount "95"]
[GameId "2160767909411790"]
[EventDate "2012.10.16"]
[EventType "swiss"]
[EventRounds "4"]
[EventCountry "CAN"]
[SourceTitle "EXT 2022"]
[Source "ChessBase"]
[SourceDate "2021.10.06"]
[SourceVersion "1"]
[SourceVersionDate "2021.10.06"]
[SourceQuality "1"]

1. d4 d5 2. c4 dxc4 3. Nf3 Nf6 4. e3 e6 5. Bxc4 c5 6. O-O a6 7. dxc5 Qxd1 8. Rxd1 Bxc5 9. Nc3 b5 10. Be2 Bb7 11. a3 O-O 12. b4 Be7 13. Ne5 Nc6 14. Nxc6 Bxc6 15. Bb2 Rfd8 16. Rac1 Bb7 17. Rxd8+ Rxd8 18. Rd1 Rxd1+ 19. Bxd1 Kf8 20. f3 Nd7 21. Ne2 Bd5 22. Nf4 Bc4 23. Be2 Bxe2 24. Nxe2 Nb6 25. e4 Nc4 26. Bc1 Bf6 27. Kf1 Ke7 28. f4 Bb2 29. Bxb2 Nxb2 30. Nd4 Nc4 31. Nc6+ Kd6 32. Nb8 Nd2+ 33. Ke2 Nxe4 34. Nxa6 Nc3+ 35. Kd3 Nb1 36. Nc5 Nxa3 37. Ne4+ Kc7 38. Nd2 f6 39. Kc3 Kd6 40. Kb3 Nc4 41. Nxc4+ bxc4+ 42. Kxc4 Kc6 43. g4 h6 44. h4 Kb6 45. b5 Kb7 46. Kc5 g6 47. Kd6 g5 48. hxg5 1-0

[Event "Gatineau Service des Loisirs"]
[Site "Gatineau CAN"]
[Date "2012.11.06"]
[Round "4"]
[White "Desjardins, Michel"]
[Black "Morel, Joseph"]
[Result "1-0"]
[WhiteElo "1911"]
[BlackElo "1623"]
[PlyCount "99"]
[GameId "2160767909411791"]
[EventDate "2012.10.16"]
[EventType "swiss"]
[EventRounds "4"]
[EventCountry "CAN"]
[SourceTitle "EXT 2022"]
[Source "ChessBase"]
[SourceDate "2021.10.06"]
[SourceVersion "1"]
[SourceVersionDate "2021.10.06"]
[SourceQuality "1"]

1. e4 c5 2. Nc3 Nc6 3. g3 g6 4. Bg2 Bg7 5. d3 d6 6. Be3 Nf6 7. h3 Bd7 8. Qd2 b5 9. Bh6 O-O 10. Bxg7 Kxg7 11. a3 a5 12. Nxb5 Rb8 13. c4 a4 14. Rb1 Na5 15. Nc3 Rb3 16. Nge2 Qc7 17. O-O e5 18. f4 Rfb8 19. f5 Bc6 20. fxg6 fxg6 21. Rf2 Rf8 22. Rbf1 Rbb8 23. Qg5 Qe7 24. Qd2 Nb3 25. Qc2 Qb7 26. Nd5 Bxd5 27. exd5 Qc7 28. Nc3 Qa5 29. Nb5 Nd4 30. Qc3 Qxc3 31. Nxc3 Ra8 32. Be4 h6 33. Bg2 Nd7 34. Rxf8 Nxf8 35. Bf3 Nxf3+ 36. Rxf3 Nd7 37. Kf2 Ra6 38. Ke1 e4 39. Nxe4 Ne5 40. Re3 Rb6 41. Nxd6 Nxd3+ 42. Rxd3 Rxd6 43. Kd2 Kf6 44. Kc2 Ke7 45. b3 axb3+ 46. Rxb3 Ra6 47. Re3+ Kd7 48. Re6 Rxe6 49. dxe6+ Kxe6 50. a4 1-0

[Event "Gatineau Service des Loisirs"]
[Site "Gatineau CAN"]
[Date "2012.11.06"]
[Round "4"]
[White "Jobin, Gilles G"]
[Black "Lecorre, Joel"]
[Result "1/2-1/2"]
[WhiteElo "1838"]
[BlackElo "1593"]
[PlyCount "52"]
[GameId "2160767909411792"]
[EventDate "2012.10.16"]
[EventType "swiss"]
[EventRounds "4"]
[EventCountry "CAN"]
[SourceTitle "EXT 2022"]
[Source "ChessBase"]
[SourceDate "2021.10.06"]
[SourceVersion "1"]
[SourceVersionDate "2021.10.06"]
[SourceQuality "1"]

1. Nf3 Nf6 2. g3 g6 3. Bg2 Bg7 4. d3 d5 5. O-O O-O 6. Nc3 c6 7. Bd2 Qc7 8. Qc1 e5 9. e4 d4 10. Ne2 Na6 11. Nh4 Ne8 12. f4 f6 13. f5 g5 14. Nf3 h6 15. c3 c5 16. cxd4 cxd4 17. Qxc7 Nexc7 18. Rfc1 Bd7 19. Rc2 Rac8 20. Rac1 Nb5 21. Ne1 Rxc2 22. Rxc2 Rc8 23. Bf3 Rxc2 24. Nxc2 Bf8 25. Nc1 Nbc7 26. Nb3 Bb5 1/2-1/2

[Event "Gatineau Service des Loisirs"]
[Site "Gatineau CAN"]
[Date "2012.11.06"]
[Round "4"]
[White "Laurin, Jacques"]
[Black "Scantland, Patrick"]
[Result "0-1"]
[WhiteElo "1868"]
[BlackElo "1774"]
[PlyCount "96"]
[GameId "2160767909411793"]
[EventDate "2012.10.16"]
[EventType "swiss"]
[EventRounds "4"]
[EventCountry "CAN"]
[SourceTitle "EXT 2022"]
[Source "ChessBase"]
[SourceDate "2021.10.06"]
[SourceVersion "1"]
[SourceVersionDate "2021.10.06"]
[SourceQuality "1"]

1. c4 Nf6 2. g3 e5 3. Bg2 Nc6 4. Nc3 Bb4 5. e3 Bxc3 6. bxc3 O-O 7. Ne2 d6 8. Rb1 e4 9. Nf4 Ne5 10. Qc2 g5 11. Bxe4 gxf4 12. gxf4 Nxe4 13. Qxe4 Qh4 14. d3 Ng4 15. Qf3 Kh8 16. h3 Nf6 17. e4 c6 18. Be3 b6 19. e5 Nh5 20. exd6 Bd7 21. Kd2 c5 22. d4 cxd4 23. cxd4 Rae8 24. c5 bxc5 25. dxc5 Bf5 26. Bd4+ f6 27. Rbe1 Qxf4+ 28. Qxf4 Nxf4 29. Rxe8 Rxe8 30. Bxf6+ Kg8 31. Be7 Kf7 32. Re1 Nd5 33. Re5 Nxe7 34. dxe7 Kf6 35. Re3 Rxe7 36. Rc3 Rc7 37. Ke3 Bxh3 38. Ke4 Bf5+ 39. Kd5 Ke7 40. Re3+ Kf6 41. Kd6 Rd7+ 42. Kc6 Rd2 43. Ra3 h5 44. Rxa7 h4 45. f3 h3 46. Ra8 h2 47. Rh8 Rxa2 48. Kb5 Kg5 0-1

[Event "Gatineau Service des Loisirs"]
[Site "Gatineau CAN"]
[Date "2012.11.06"]
[Round "4"]
[White "Legare, Gilles"]
[Black "Labelle, Julien Sylvain"]
[Result "0-1"]
[WhiteElo "1124"]
[BlackElo "956"]
[PlyCount "52"]
[GameId "2160767909411794"]
[EventDate "2012.10.16"]
[EventType "swiss"]
[EventRounds "4"]
[EventCountry "CAN"]
[SourceTitle "EXT 2022"]
[Source "ChessBase"]
[SourceDate "2021.10.06"]
[SourceVersion "1"]
[SourceVersionDate "2021.10.06"]
[SourceQuality "1"]

1. e4 e5 2. Nc3 Nf6 3. Nf3 Nc6 4. a3 d5 5. exd5 Nd4 6. d3 Nxd5 7. Ne4 Be7 8. Nxe5 O-O 9. c4 Nf6 10. Bg5 Nxe4 11. Bxe7 Qxe7 12. dxe4 Qxe5 13. Bd3 c5 14. O-O b6 15. f4 Qe6 16. f5 Qe5 17. g4 Bb7 18. f6 Rfe8 19. Bb1 Re6 20. Qe1 Rd8 21. fxg7 Rh6 22. Qg3 Nf3+ 23. Rxf3 Rd1+ 24. Rf1 Qd4+ 25. Qf2 Rxf1+ 26. Kxf1 Rf6 0-1

[Event "Gatineau Service des Loisirs"]
[Site "Gatineau CAN"]
[Date "2012.11.06"]
[Round "4"]
[White "Lemieux, Denis"]
[Black "Carabineanu, Marcel"]
[Result "1-0"]
[WhiteElo "1461"]
[BlackElo "1434"]
[PlyCount "33"]
[GameId "2160767909411795"]
[EventDate "2012.10.16"]
[EventType "swiss"]
[EventRounds "4"]
[EventCountry "CAN"]
[SourceTitle "EXT 2022"]
[Source "ChessBase"]
[SourceDate "2021.10.06"]
[SourceVersion "1"]
[SourceVersionDate "2021.10.06"]
[SourceQuality "1"]

1. d4 d6 2. c4 b6 3. Nc3 Bb7 4. e4 e6 5. Bd3 Nd7 6. Nge2 Ngf6 7. Qc2 g6 8. O-O h5 9. f4 Ng4 10. h3 Nh6 11. e5 dxe5 12. fxe5 g5 13. g3 Qe7 14. Ne4 g4 15. Bg5 Qb4 16. a3 Qa5 17. b4 1-0